Music Quiz

Random Music Quiz

Lorde Songs Quiz Stats

 Plays Quiz not verified by Sporcle

Support Sporcle.
Go Orange.
Score 0/15 Timer 05:00
0 Plays Today
Album Song % Correct
Pure HeroineRoyals
97.6%
Love Club - EPLove Club
90.3%
Pure HeroineTeam
90.1%
Pure HeroineTennis Court
90%
Pure HeroineRibs
83.7%
Pure HeroineBuzzcut Season
78.9%
Pure HeroineWhite Teeth Teens
78.3%
Pure Heroine400 Lux
77.7%
Album Song % Correct
Pure HeroineGlory & Gore
76.6%
Love Club - EPBravado
74.3%
Pure HeroineA World Alone
73.7%
Pure HeroineStill Sane
67.5%
Love Club - EPMillion Dollar Bills
64%
Love Club - EPBiting Down
59.3%
Non-Album SingleSwingin' Party
51.2%

You're not logged in!

Compare scores with friends on all Sporcle quizzes.
OR
Log In

From the Vault

Auctions on TV Shows

by aduchscher

We're still holding out for our opportunity to place a bid.

You Might Also Like...

Remove Ads.
Support Sporcle.
Get the best of Sporcle when you Go Orange. This ad-free experience offers more features, more stats, and more fun while also helping to support Sporcle. Thank you for becoming a member.

Show Comments

Extras

Created Sep 14, 2013ReportNominate
Tags:lorde

Top Quizzes Today


Score Distribution

Your Account Isn't Verified!

In order to create a playlist on Sporcle, you need to verify the email address you used during registration. Go to your Sporcle Settings to finish the process.

Report this User

Report this user for behavior that violates our Community Guidelines.

Details: